| 000 | 02398 a2200349 4500 | ||
|---|---|---|---|
| 001 | OB-pur-193035 | ||
| 003 | FrMaCLE | ||
| 005 | 20251214082842.0 | ||
| 007 | cu ||||||m|||| | ||
| 008 | 230927e||||||||xx |||||s|||||||||0|fr|d | ||
| 020 | _a978-2-7535-9621-4 | ||
| 024 | 7 |
_a10.4000/books.pur.193035 _2doi |
|
| 040 | _aFR-FrMaCLE | ||
| 041 | _afra | ||
| 100 | 1 | _aJusseaume, Anne | |
| 245 | 1 | 3 |
_aLe soin des pauvres : _bVocations féminines dans le Paris du xixe siècle / _cAnne Jusseaume. |
| 260 |
_aRennes : _bPresses universitaires de Rennes, _c2023. |
||
| 300 | _a396 p. | ||
| 500 | _aEbook | ||
| 520 | _a Soigner les pauvres, telle est la vocation de milliers de jeunes femmes qui, tout au long du xixe siècle, prennent le voile en France et concrétisent ainsi un désir de vie religieuse et de service. Cet engagement ouvre aux femmes des voies pour s’affirmer hors de la famille, dans l’espace public et le monde du travail. Infirmières ou pharmaciennes, responsables de services d’hôpitaux et d’hospices, ou gardes-malades à domicile, ce sont les « bonnes » sœurs du xixe siècle. Figures de la charité, elles sont aussi les chevilles ouvrières du système public de santé dont elles accompagnent la médicalisation. Dans une société confrontée à une nouvelle pauvreté massive et alors que l’Église catholique s’inquiète de la déchristianisation populaire, les sœurs soignantes répondent aux attentes sociales et sanitaires, religieuses et morales de leur temps. La laïcisation républicaine signe-t-elle leur disparition ? Rien n’est moins sûr à en regarder leur présence dans Paris au début du xxe siècle. S’appuyant sur de nombreuses archives des couvents et des institutions hospitalières, cette enquête questionne la vocation des sœurs soignantes dans leur quotidien auprès des pauvres de la capitale. Elle propose une histoire du care qui éclaire les enjeux profanes et spirituels de la relation de soin. | ||
| 540 |
_aOpenEdition Books License _uhttps://www.openedition.org/12554 |
||
| 650 | 4 | _aHistory | |
| 650 | 4 | _avocation | |
| 650 | 4 | _alaïcité | |
| 650 | 4 | _acongrégation | |
| 650 | 4 | _amédecine | |
| 650 | 4 | _aprofessionnalisation | |
| 650 | 4 | _ainfirmière | |
| 760 | 0 | _x2111-496X | |
| 776 | _z978-2-7535-9277-3 | ||
| 856 | 4 |
_eJusseaume, Anne _uhttps://books.openedition.org/pur/193035 _yLe soin des pauvres |
|
| 999 |
_c15523 _d15523 |
||